Technology, the university, and the community : a study of the regional role of engineering colleges /

Saved in:
Bibliographic Details
Main Author: Bugliarello, George
Other Authors: Simon, Harold A. (joint author.)
Format: Book
Language:English
Published: New York, Pergamon Press [1976]
Subjects:
LEADER 01198nam a2200277 4500
001 c000377364
003 CARM
005 00000000000000.0
008 770922s1976 nyua b 00010 eng
019 1 |a 70237178  |5 LACONCORD2021 
020 |a 0080178723  |a 0080178731 (pbk.) 
035 |a (OCoLC)902836  |5 LACONCORD2021 
043 |a n-us--- 
050 0 0 |a T73  |b .B89 1976 
100 1 |a Bugliarello, George. 
245 1 0 |a Technology, the university, and the community :  |b a study of the regional role of engineering colleges /  |c by George Bugliarello and Harold A. Simon, with Vivian G. Cardwell, Clarke H. P. Schneider, and numerous collaborators. 
260 |a New York,  |b Pergamon Press  |c [1976] 
300 |a xviii, 515 p.  |b illus.  |c 24 cm. 
504 |a Includes bibliographical references. 
650 0 |a Engineering schools  |z United States. 
650 0 |a Community and college  |z United States. 
700 1 |a Simon, Harold A.  |e joint author. 
852 8 |b CARM  |h A1:AP13A0  |i B07418  |p 0348667  |f BK 
082 0 4 |a 607/.1173 
999 f f |i ec32a35d-8164-559a-8717-c7fbda555a33  |s 8f93cf81-1df9-5696-8f74-8e964e53c078 
952 f f |p Can circulate  |a CAVAL  |b CAVAL  |c CAVAL  |d CARM 1 Store  |e B07418  |f A1:AP13A0  |h Other scheme  |i book  |m 0348667